Analysis of waters associated with alternative fuel production. (Record no. 10014)

MARC details
000 -LEADER
fixed length control field 00525nam a2200145 a 4500
020 ## - INTERNATIONAL STANDARD BOOK NUMBER
ISBN 0803107633 (unknown binding)
020 ## - INTERNATIONAL STANDARD BOOK NUMBER
ISBN 9780803107632 (unknown binding)
245 00 - TITLE STATEMENT
Title Analysis of waters associated with alternative fuel production.
260 ## - PUBLICATION, DISTRIBUTION, ETC. (IMPRINT)
Place of publication [S.l.] :
Name of publisher ASTM International,
Year of publication 1981.
300 ## - PHYSICAL DESCRIPTION
Number of Pages 1 v. (unpaged) ;
856 40 - ELECTRONIC LOCATION AND ACCESS
Uniform Resource Identifier http://www.amazon.com/exec/obidos/ASIN/0803107633/chopaconline-20
Holdings
Withdrawn status Lost status Home library Current library Date acquired Full call number Accession Number Koha item type
    Central Library, QUEST, Nawabshah Central Library, QUEST, Nawabshah 17/09/2014 AST 16662 Books
    Central Library, QUEST, Nawabshah Central Library, QUEST, Nawabshah 17/09/2014 AST 16663 Books